000 00335 a2200157 4500
001 68047
020 _a97833126063999
040 _cAnchieta - Pituba
100 _aLeo & Co
240 1 0 _aEin Hundeleben
_lpor
245 1 0 _aEin Hundeleben
300 _a64
362 0 _a2011
650 4 _aLiteratura juvenil em alemão
942 _cBK
999 _c68047
_d68047